Pinkfish : d'Ana Barroso : R.E.M. (extracte) de Manuel Rodríguez d'Ana Barroso : R.E.M. (extracte) de Manuel Rodríguez
Descripción Física:
1 postal : il·lustracions ; 15 x 11 cm
Colección:
Factoria IT. Dansa
; 17/18
Idioma:
Catalán
MARC
| LEADER | 00000nkm a2200000 a 4500 | ||
|---|---|---|---|
| 001 | 25530 | ||
| 003 | Arxiu | ||
| 005 | 20260324181109.0 | ||
| 008 | 220516b spa||||| |||| 00| 0 cat d | ||
| 017 | |a DL B 10474-2018 | ||
| 080 | |a NBM-13-118 | ||
| 245 | |a Pinkfish : |b d'Ana Barroso : R.E.M. (extracte) de Manuel Rodríguez | ||
| 260 | |a Barcelona : |b Institut del Teatre, |c 2018 | ||
| 300 | |a 1 postal : |b il·lustracions ; |c 15 x 11 cm | ||
| 490 | |a Factoria IT. Dansa ; |v 17/18 | ||
| 650 | 0 | |a Teatre |x Barcelona (Catalunya) |9 21513 | |
| 655 | 0 | |a Targetes postals |9 52685 | |
| 710 | 1 | |a Institut del Teatre (Barcelona, Catalunya) |9 52662 | |
| 942 | |2 udc |n 1 |c ARXIU | ||
| 952 | |0 0 |1 0 |4 0 |6 NBM13118 |7 1 |9 61718 |a Arxiu |b Arxiu |d 2022-05-17 |l 0 |o NBM-13-118 |p 25530 |r 2022-05-17 00:00:00 |w 2022-05-17 |y ARXIU | ||
| 999 | |c 81605 |d 81605 | ||